[Event "XIII C.to Italiano U20"]
[Site "Bratto - Castione della Presolana ITA"]
[Date "2005.08.27"]
[Round "8"]
[White "Fortino, Fabrizio"]
[Black "Bevilacqua, Andrea"]
[Result "1/2-1/2"]
[WhiteElo "1965"]
[BlackElo "1978"]
[PlyCount "80"]
[EventDate "2005.08.20"]

1.e4 e5 2.f4 d5 3.exd5 e4 4.d3 Nf6 5.dxe4 Nxe4 6.Nf3 Bc5 7.Qe2 Bf5 8.Nc3 
O-O 9.Nxe4 Bxe4 10.Qxe4 Re8 11.Ne5 f6 12.Bd3 g6 13.Bd2 Nd7 14.O-O-O fxe5 
15.fxe5 Nxe5 16.Bb5 Nd7 17.Qg4 Ne5 18.Qg3 Qxd5 19.Bxe8 Qxa2 20.Qb3+ Qxb3 
21.cxb3 Rxe8 22.Kc2 Ng4 23.h3 Nf2 24.Rde1 Rd8 25.Rhf1 Nd3 26.Re2 Nb4+ 27.
Bxb4 Bxb4 28.Rd1 Bd6 29.Rd4 a5 30.Kd3 Rf8 31.Rd5 b6 32.Ke3 Kg7 33.Kd3 h6 
34.Rb5 Bc5 35.Re6 Rf6 36.Rxc5 Rxe6 37.Rxc7+ Kf6 38.Rc4 Kf5 39.g3 Rd6+ 40.
Ke3 Ke5 1/2-1/2

[Event "XIII C.to Italiano U20"]
[Site "Bratto - Castione della Presolana ITA"]
[Date "2005.08.27"]
[Round "8"]
[White "Fratino, Lorenzo"]
[Black "Massironi, Marco"]
[Result "1-0"]
[WhiteElo "1905"]
[BlackElo "2122"]
[PlyCount "79"]
[EventDate "2005.08.20"]

1.e4 c5 2.Nc3 d6 3.g3 g6 4.Bg2 Bg7 5.d3 Nc6 6.Be3 Nf6 7.h3 O-O 8.Qd2 Nd4 
9.Nd1 Re8 10.c3 Nc6 11.Ne2 Bd7 12.O-O Rc8 13.Bh6 Bh8 14.g4 b5 15.Ng3 b4 
16.g5 Nh5 17.Nxh5 gxh5 18.f4 a5 19.Qe2 a4 20.Qxh5 a3 21.f5 Ne5 22.cxb4 
cxb4 23.bxa3 Qb6+ 24.Kh1 Rc2 25.Rb1 Qa7 26.Rb2 Rec8 27.Rxc2 Rxc2 28.Qh4 
Be8 29.Ne3 Qxe3 30.g6 Qe2 31.gxh7+ Kxh7 32.Bf8+ Kg8 33.Rg1 Qe3 34.Bh6 Qd4 
35.Qxe7 Rc8 36.Qg5+ Kh7 37.Qh4 Kg8 38.Qg3+ Kh7 39.Bf3 Nxf3 40.Be3 1-0

[Event "XIII C.to Italiano U20"]
[Site "Bratto - Castione della Presolana ITA"]
[Date "2005.08.27"]
[Round "8"]
[White "Gallucci, Alessio"]
[Black "Drezzadore, Dario"]
[Result "0-1"]
[WhiteElo "1656"]
[BlackElo "2019"]
[PlyCount "120"]
[EventDate "2005.08.20"]

1.e4 d5 2.exd5 Qxd5 3.Nc3 Qa5 4.d4 Nf6 5.Bd2 c6 6.Bd3 Bg4 7.Nge2 Nbd7 8.
O-O e6 9.a3 Qc7 10.h3 Bh5 11.Na2 Bd6 12.c4 c5 13.Be3 O-O 14.Qc2 cxd4 15.
Bxd4 Ne5 16.b4 Nxd3 17.Qxd3 Bg6 18.Qc3 Ne4 19.Qb2 e5 20.Be3 Qxc4 21.Rac1 
Qe6 22.Rfd1 f5 23.Nac3 f4 24.Nxe4 Bxe4 25.Bc5 Bxc5 26.Rxc5 Qg6 27.g4 fxg3 
28.Nxg3 Rad8 29.Rdc1 a6 30.Rxe5 Bc6 31.h4 Qg4 32.Rg5 Rd1+ 33.Rxd1 Qxd1+ 
34.Kh2 Rf7 35.f4 Qf3 36.Qd2 Qxf4 37.Qxf4 Rxf4 38.Rxg7+ Kh8 39.Kh3 Rxh4+ 
40.Kxh4 Kxg7 41.Kg5 h6+ 42.Kf5 Bd7+ 43.Kf4 Kg6 44.Ne4 Bc6 45.Nc5 Kh5 46.
Kg3 Kg5 47.Kh3 Bd5 48.Kg3 h5 49.Kh3 Kf4 50.Kh4 Bf3 51.Nxb7 Bxb7 52.Kxh5 
Ke4 53.Kg4 Kd4 54.Kf4 Bc6 55.Kf5 Kc3 56.Ke5 Bg2 57.Kd6 Kb3 58.Kc5 Kxa3 59.
b5 a5 60.b6 a4 0-1

[Event "XIII C.to Italiano U20"]
[Site "Bratto - Castione della Presolana ITA"]
[Date "2005.08.27"]
[Round "8"]
[White "Ghedin, Emanuele"]
[Black "Bosi, Clint"]
[Result "0-1"]
[WhiteElo "1572"]
[BlackElo "2025"]
[PlyCount "172"]
[EventDate "2005.08.20"]

1.d4 Nf6 2.c4 g6 3.Nc3 Bg7 4.e4 d6 5.f3 O-O 6.Be3 e5 7.d5 Nbd7 8.Qd2 a6 9.
Bd3 Rb8 10.Nge2 b6 11.h4 h5 12.Bg5 Qe8 13.Bc2 b5 14.cxb5 axb5 15.Nc1 Nb6 
16.b3 Nh7 17.Be3 f5 18.Bd3 Bd7 19.O-O f4 20.Bf2 g5 21.Kh1 b4 22.Nd1 gxh4 
23.Bxh4 Bf6 24.g3 Bxh4 25.gxh4 Qe7 26.Rg1+ Kh8 27.Qh2 Rg8 28.Ne2 Rxg1+ 29.
Kxg1 Rg8+ 30.Kf2 Nf6 31.Qh1 c6 32.dxc6 Bxc6 33.Rc1 Ba8 34.Nb2 Qa7 35.Kf1 
Qxa2 36.Bc4 d5 37.Qh3 dxc4 38.Qe6 Nbd7 39.Rd1 Qa7 40.Rxd7 Qxd7 41.Qxf6+ 
Qg7 42.Qxg7+ Kxg7 43.Nxc4 Kf6 44.Nc1 Bc6 45.Nd3 Re8 46.Nxb4 Bb5 47.Nd5+ 
Kf7 48.Ke1 Bxc4 49.bxc4 Rc8 50.Nb6 Rc6 51.Nd7 Ke6 52.Nf8+ Ke7 53.Nh7 Rxc4 
54.Kf2 Rc2+ 55.Kg1 Ra2 56.Ng5 Ra1+ 57.Kg2 Ra2+ 58.Kg1 Ra8 59.Kf2 Ra7 60.
Nh7 Ke6 61.Ng5+ Kd6 62.Kf1 Re7 63.Nh3 Kc5 64.Ng5 Kd4 65.Ke2 Kc3 66.Nh3 Ra7
67.Kf1 Kd3 68.Ng5 Ke3 69.Kg1 Ra1+ 70.Kg2 Ra2+ 71.Kg1 Rf2 72.Nf7 Rxf3 73.
Nxe5 Kxe4 74.Nd7 Kf5 75.Kg2 Rc3 76.Nb6 Kg4 77.Nd5 Rc2+ 78.Kg1 Rb2 79.Kf1 
f3 80.Ne3+ Kxh4 81.Nf5+ Kg4 82.Ne3+ Kf4 83.Nd1 Rc2 84.Kg1 Kg3 85.Ne3 Rc1+ 
86.Nf1+ Rxf1+ 0-1

[Event "XIII C.to Italiano U20"]
[Site "Bratto - Castione della Presolana ITA"]
[Date "2005.08.27"]
[Round "8"]
[White "Hellweger, Stefan"]
[Black "Chinello, Gianmarco"]
[Result "0-1"]
[WhiteElo "1685"]
[BlackElo "2070"]
[PlyCount "92"]
[EventDate "2005.08.20"]

1.e4 e5 2.Nf3 Nc6 3.Bb5 a6 4.Bxc6 dxc6 5.O-O f6 6.h3 Be6 7.d4 exd4 8.Nxd4 
Bc4 9.Re1 Bd6 10.b3 Bf7 11.Nf3 Qe7 12.Bb2 O-O-O 13.Qe2 Nh6 14.Nbd2 Rhe8 
15.Nc4 Bxc4 16.Qxc4 Nf7 17.Rad1 Ne5 18.Nxe5 Bxe5 19.Rxd8+ Rxd8 20.Bxe5 
Qxe5 21.Qe2 g6 22.f3 Qa5 23.Rd1 Qxa2 24.Rxd8+ Kxd8 25.Qc4 Qa1+ 26.Kf2 Ke7 
27.Qg8 Qd4+ 28.Ke2 g5 29.Qxh7+ Kd6 30.Qf7 c5 31.Qf8+ Kc6 32.Qc8 a5 33.Qe6+
Kb5 34.Qd5 Qxd5 35.exd5 c4 36.g3 cxb3 37.cxb3 Kc5 38.Ke3 Kxd5 39.f4 b5 40.
fxg5 fxg5 41.h4 gxh4 42.gxh4 Ke5 43.h5 Kf5 44.Kd4 c6 45.Kc5 Kg5 46.Kxc6 a4
0-1

[Event "XIII C.to Italiano U20"]
[Site "Bratto - Castione della Presolana ITA"]
[Date "2005.08.27"]
[Round "8"]
[White "Lai, Luca"]
[Black "Gatterer, Matthias"]
[Result "0-1"]
[WhiteElo "1871"]
[BlackElo "1917"]
[PlyCount "48"]
[EventDate "2005.08.20"]

1.e4 e6 2.d4 d5 3.e5 c5 4.c3 Nc6 5.Nf3 Qb6 6.Bd3 cxd4 7.cxd4 Bd7 8.O-O 
Nxd4 9.Nxd4 Qxd4 10.Re1 Ne7 11.Nc3 a6 12.a4 Nc6 13.Be3 Qh4 14.f4 g6 15.Qf3
Nb4 16.Rad1 Nxd3 17.Nxd5 exd5 18.Qxd5 Bc6 19.Qxd3 Bb4 20.Bf2 Qg4 21.Bg3 
Bxe1 22.e6 fxe6 23.Qd6 Qe2 24.Rd2 Bxd2 0-1

[Event "XIII C.to Italiano U20"]
[Site "Bratto - Castione della Presolana ITA"]
[Date "2005.08.27"]
[Round "8"]
[White "Lain, Luigi"]
[Black "Cappai, Davide"]
[Result "1/2-1/2"]
[WhiteElo "2254"]
[BlackElo "2115"]
[PlyCount "72"]
[EventDate "2005.08.20"]

1.d4 e6 2.c4 f5 3.Nc3 Nf6 4.g3 d5 5.Nf3 c6 6.Bg2 Bd6 7.O-O O-O 8.Bf4 Qc7 
9.e3 Nbd7 10.c5 Bxf4 11.exf4 Ne4 12.Qd3 b6 13.b4 a5 14.cxb6 Qxb6 15.bxa5 
Qxa5 16.Rfc1 Ba6 17.Qe3 Rac8 18.Nxe4 fxe4 19.Ne5 Nxe5 20.fxe5 Qa4 21.Bh3 
Rce8 22.Bg4 Bc4 23.Rcb1 Rf7 24.Bh5 g6 25.Bg4 Kg7 26.h4 h6 27.a3 Qa7 28.Rb4
h5 29.Bd1 Ref8 30.Rb2 Bd3 31.a4 Qa5 32.Rc1 Bc4 33.g4 Qd8 34.Qg3 Qa5 35.Qe3
Qd8 36.Qg3 Qa5 1/2-1/2

[Event "XIII C.to Italiano U20"]
[Site "Bratto - Castione della Presolana ITA"]
[Date "2005.08.27"]
[Round "8"]
[White "Lapenna, Antonio"]
[Black "Navarro, Stefano"]
[Result "0-1"]
[WhiteElo "2056"]
[BlackElo "2209"]
[PlyCount "100"]
[EventDate "2005.08.20"]

1.e4 e5 2.Nf3 d6 3.d4 Nf6 4.Nc3 Nbd7 5.Bc4 Be7 6.O-O O-O 7.Re1 c6 8.Bb3 
Qc7 9.Bg5 Re8 10.Bh4 Bf8 11.a4 Rb8 12.Qd2 h6 13.Rad1 a6 14.d5 c5 15.Qe2 
Nh5 16.Bg3 Ndf6 17.Nd2 Bd7 18.Bc4 Rec8 19.Nf1 Be7 20.Ra1 Qd8 21.f3 Qe8 22.
a5 Bd8 23.Nd2 Bc7 24.Qe3 Qd8 25.Nb3 Nxg3 26.hxg3 Nh5 27.Ne2 Bb5 28.Bxb5 
axb5 29.g4 Nf6 30.a6 bxa6 31.Rxa6 c4 32.Nbc1 Bb6 33.Rxb6 Qxb6 34.Kf2 b4 
35.Ng3 g6 36.Rh1 Kg7 37.Ke2 Qxe3+ 38.Kxe3 Ra8 39.Nge2 Ra1 40.Re1 Nd7 41.
Kd2 Nc5 42.c3 b3 43.Nd3 Ra2 44.Nb4 Rxb2+ 45.Ke3 Ra8 46.f4 f6 47.g3 Rba2 
48.fxe5 fxe5 49.Rb1 Ra1 50.Rb2 Na4 0-1

[Event "XIII C.to Italiano U20"]
[Site "Bratto - Castione della Presolana ITA"]
[Date "2005.08.27"]
[Round "8"]
[White "Laurenti, Stefano"]
[Black "Rombaldoni, Axel"]
[Result "1-0"]
[WhiteElo "1937"]
[BlackElo "2137"]
[PlyCount "53"]
[EventDate "2005.08.20"]

1.e4 c5 2.Nc3 Nc6 3.f4 d6 4.Nf3 g6 5.Bb5 Bg7 6.Bxc6+ bxc6 7.d3 Nf6 8.O-O 
O-O 9.Qe1 Ne8 10.f5 e6 11.fxg6 fxg6 12.e5 d5 13.Na4 c4 14.d4 Rb8 15.Bg5 
Qc7 16.Qh4 Bh8 17.Bd8 Qg7 18.Be7 Rf5 19.g4 Rf7 20.Bg5 Qf8 21.Bh6 Qb4 22.
Ng5 Rxf1+ 23.Rxf1 Bg7 24.Bxg7 h5 25.Bh6 Ng7 26.Bxg7 Kxg7 27.gxh5 1-0

[Event "XIII C.to Italiano U20"]
[Site "Bratto - Castione della Presolana ITA"]
[Date "2005.08.27"]
[Round "8"]
[White "Lettieri, Giuseppe"]
[Black "Ronchetti, Niccolo'"]
[Result "1/2-1/2"]
[WhiteElo "2251"]
[BlackElo "2395"]
[PlyCount "52"]
[EventDate "2005.08.20"]

1.e4 c5 2.Nf3 Nc6 3.c3 d5 4.exd5 Qxd5 5.d4 Bg4 6.Be2 e6 7.h3 Bh5 8.c4 Qd6 
9.d5 Bxf3 10.Bxf3 Nd4 11.O-O e5 12.Nc3 Nf6 13.Be3 Be7 14.Bxd4 exd4 15.Nb5 
Qd7 16.d6 Bxd6 17.Bxb7 Rb8 18.Nxd6+ Qxd6 19.Qa4+ Kf8 20.Bf3 g6 21.Rab1 Qc7
22.b4 cxb4 23.Rxb4 Kg7 24.c5 Qxc5 25.Rc4 Qe7 26.Rxd4 Rb2 1/2-1/2

[Event "XIII C.to Italiano U20"]
[Site "Bratto - Castione della Presolana ITA"]
[Date "2005.08.27"]
[Round "8"]
[White "Manconi, Antonio"]
[Black "Lapiccirella, Daniele"]
[Result "0-1"]
[WhiteElo "1988"]
[BlackElo "2120"]
[PlyCount "68"]
[EventDate "2005.08.20"]

1.e4 c5 2.Nf3 e6 3.d3 d5 4.Qe2 Nf6 5.g3 Nc6 6.Bg2 Be7 7.O-O O-O 8.e5 Nd7 
9.c4 f6 10.exf6 Nxf6 11.Bh3 Qd6 12.Re1 Re8 13.Bxe6+ Bxe6 14.Qxe6+ Qxe6 15.
Rxe6 Nb4 16.Nc3 Nxd3 17.Nxd5 Nxd5 18.cxd5 Bf6 19.Bg5 Rxe6 20.dxe6 Bxb2 21.
Rd1 c4 22.Ne1 Nc5 23.e7 Re8 24.Be3 Na4 25.Rd7 b5 26.Rxa7 Ba3 27.Ra5 Bb4 
28.Rxb5 Bxe1 29.Kf1 Bc3 30.Rb7 Bf6 31.Rb4 Nb2 32.Bc1 c3 33.g4 Nd3 34.Rb1 
c2 0-1

[Event "XIII C.to Italiano U20"]
[Site "Bratto - Castione della Presolana ITA"]
[Date "2005.08.27"]
[Round "8"]
[White "Nizzardo, Mattia"]
[Black "Bartolini, Leonardo"]
[Result "1-0"]
[WhiteElo "1718"]
[BlackElo "1580"]
[PlyCount "103"]
[EventDate "2005.08.20"]

1.e4 c6 2.d4 d5 3.exd5 cxd5 4.Nf3 Nc6 5.Bf4 Bg4 6.Be2 Nf6 7.h3 Bh5 8.O-O 
e6 9.c3 Bd6 10.Ne5 Bxe2 11.Qxe2 Qc7 12.Re1 O-O 13.Nd2 Nd7 14.Ndf3 Rfe8 15.
Nxd7 Qxd7 16.Ne5 Qc7 17.Qg4 Nxe5 18.Bxe5 Bxe5 19.Rxe5 Qb6 20.Re2 Rac8 21.
Rae1 Qc6 22.f4 g6 23.Qg5 Qd7 24.g4 Qe7 25.Qxe7 Rxe7 26.f5 Rce8 27.fxe6 
fxe6 28.Kg2 Kg7 29.Kg3 g5 30.Re5 Kf6 31.R1e2 h6 32.a4 Rc8 33.h4 Rc4 34.
hxg5+ hxg5 35.Rh2 Rxa4 36.Rh6+ Kg7 37.Rhxe6 Rxe6 38.Rxe6 b6 39.Re5 Kf6 40.
Rxd5 Ra2 41.Rf5+ Kg6 42.Rf2 Ra1 43.Kf3 Rd1 44.Rg2 Kf6 45.Re2 Rd3+ 46.Ke4 
Rg3 47.Rf2+ Kg6 48.Ke5 Rxg4 49.d5 Rh4 50.d6 Rh8 51.d7 g4 52.Ke6 1-0

[Event "XIII C.to Italiano U20"]
[Site "Bratto - Castione della Presolana ITA"]
[Date "2005.08.27"]
[Round "8"]
[White "Oblak, Mitja"]
[Black "Piccirillo, Edoardo"]
[Result "0-1"]
[WhiteElo "1688"]
[BlackElo "1653"]
[PlyCount "68"]
[EventDate "2005.08.20"]

1.d4 Nf6 2.c4 g6 3.Nc3 d5 4.e3 Bg7 5.Nf3 O-O 6.Be2 dxc4 7.Bxc4 b6 8.O-O 
Bb7 9.b4 Nbd7 10.Rb1 Ne4 11.Nxe4 Bxe4 12.Bd3 Bb7 13.a4 e5 14.Nxe5 Nxe5 15.
dxe5 Bxe5 16.Be2 Be4 17.Rb3 Qxd1 18.Bxd1 Bd5 19.Ra3 Bd6 20.Bd2 a5 21.Bf3 
Bxf3 22.gxf3 axb4 23.Ra2 Ra6 24.f4 Rfa8 25.Rfa1 b5 26.a5 c5 27.Rb1 Rxa5 
28.Rxa5 Rxa5 29.Kf1 Ra4 30.Ke2 c4 31.Kd1 c3 32.Bxc3 bxc3 33.Rxb5 Ra2 34.
Rb6 c2+ 0-1

[Event "XIII C.to Italiano U20"]
[Site "Bratto - Castione della Presolana ITA"]
[Date "2005.08.27"]
[Round "8"]
[White "Perico', Alessandro"]
[Black "Rorato, Giovanni Riccardo"]
[Result "0-1"]
[WhiteElo "1736"]
[BlackElo "1706"]
[PlyCount "96"]
[EventDate "2005.08.20"]

1.e4 c6 2.d4 d5 3.Nc3 dxe4 4.Nxe4 Bf5 5.Ng3 Bg6 6.Nf3 Nf6 7.Bd3 e6 8.Be3 
Bd6 9.Qe2 Nbd7 10.O-O-O Bxd3 11.Rxd3 Qc7 12.Nd2 Nd5 13.a3 O-O 14.Nh5 N7f6 
15.Nxf6+ Nxf6 16.Bg5 Nd5 17.Qg4 Bf4 18.h4 Kh8 19.Rdh3 b5 20.g3 Bxd2+ 21.
Bxd2 c5 22.h5 h6 23.Bf4 Nxf4 24.gxf4 f5 25.Qf3 cxd4 26.Rd1 Rac8 27.Rd2 Qc4
28.Qd3 Qa2 29.Kd1 Qxb2 30.Qxd4 Qb1+ 31.Ke2 Rxc2 32.Rg3 Rxd2+ 33.Kxd2 Rf7 
34.Qd8+ Kh7 35.Qe8 Qb2+ 36.Ke1 Qf6 37.Qxb5 Rc7 38.Qe5 Qxe5+ 39.fxe5 Rc4 
40.f3 Kg8 41.Kf2 Ra4 42.Rg1 Rxa3 43.Rd1 f4 44.Rd7 Ra2+ 45.Kg1 Re2 46.Rxa7 
Rxe5 47.Ra4 Rf5 48.Re4 e5 0-1

[Event "XIII C.to Italiano U20"]
[Site "Bratto - Castione della Presolana ITA"]
[Date "2005.08.27"]
[Round "8"]
[White "Pomaro, Alberto"]
[Black "Boscolo, Marco"]
[Result "1-0"]
[WhiteElo "1943"]
[BlackElo "2006"]
[PlyCount "117"]
[EventDate "2005.08.20"]

1.d4 Nf6 2.c4 e5 3.d5 Bc5 4.Nc3 d6 5.e3 O-O 6.Bd3 c6 7.Nge2 Re8 8.Ng3 cxd5
9.cxd5 Na6 10.a3 Nc7 11.Bc2 b5 12.O-O Bg4 13.f3 Bd7 14.b4 Bb6 15.Nf5 Bxf5 
16.Bxf5 g6 17.Bc2 Rc8 18.Bb3 Nh5 19.Qe1 Nf4 20.Kh1 Nd3 21.Qe2 Nxc1 22.
Rfxc1 Qg5 23.Ne4 Qxe3 24.Qxe3 Bxe3 25.Rc6 Re7 26.Nxd6 Rf8 27.Ne4 Nxd5 28.
Bxd5 Bd4 29.Rb1 Kg7 30.h3 Rd8 31.Bb3 h6 32.Nd6 Bf2 33.Nxb5 Red7 34.Rc7 
Rxc7 35.Nxc7 Rc8 36.Nd5 f5 37.Rf1 Bg3 38.a4 h5 39.Rb1 e4 40.Kg1 Be5 41.Rd1
e3 42.Kf1 f4 43.Ke2 g5 44.b5 g4 45.hxg4 h4 46.Ne7 Rc3 47.Rd3 Rc1 48.Bd1 
Ra1 49.Nc6 Ra2+ 50.Kf1 Bf6 51.Nxa7 Kg6 52.Nc6 h3 53.gxh3 Kg5 54.Nd4 Kh4 
55.Ne2 Kxh3 56.Nxf4+ Kh4 57.Rxe3 Bg5 58.Ng2+ Kg3 59.f4+ 1-0

[Event "XIII C.to Italiano U20"]
[Site "Bratto - Castione della Presolana ITA"]
[Date "2005.08.27"]
[Round "8"]
[White "Pulcini, Giorgio"]
[Black "Trazzi, Enrico"]
[Result "0-1"]
[WhiteElo "1614"]
[BlackElo "1670"]
[PlyCount "98"]
[EventDate "2005.08.20"]

1.e4 g6 2.Bc4 Bg7 3.Qf3 e6 4.Nc3 c6 5.d3 d5 6.exd5 exd5 7.Nxd5 cxd5 8.Bxd5
Qe7+ 9.Ne2 Nf6 10.Bg5 O-O 11.O-O h6 12.Bxf6 Bxf6 13.Nf4 Kg7 14.Qg3 Bg5 15.
Rfe1 Qf6 16.Nh5+ gxh5 17.h4 Qf4 18.hxg5 hxg5 19.Qxf4 gxf4 20.Re4 Nc6 21.
Rxf4 Be6 22.Bf3 Rh8 23.Rh4 Ne5 24.Bxh5 Rh6 25.Re1 Nc6 26.Ree4 f5 27.Re3 
Rah8 28.Reh3 Bf7 29.g4 fxg4 30.Rxg4+ Kf8 31.Bxf7 Rxh3 32.Bd5 R3h7 33.Rf4+ 
Ke7 34.Kf1 Kd6 35.Be4 Re7 36.Rf6+ Kc7 37.c3 Rd8 38.Rf5 b6 39.b4 Ne5 40.d4 
Nc4 41.Bf3 Nd2+ 42.Kg2 Rg7+ 43.Kh2 Rh8+ 44.Bh5 Rgh7 45.Kg3 Rxh5 46.Rf7+ 
Kb8 47.f4 Rg8+ 48.Kf2 Rh2+ 49.Ke3 Rg3# 0-1

[Event "XIII C.to Italiano U20"]
[Site "Bratto - Castione della Presolana ITA"]
[Date "2005.08.27"]
[Round "8"]
[White "Pulito, Alberto"]
[Black "Ferrante, Marco"]
[Result "1-0"]
[WhiteElo "2212"]
[BlackElo "2113"]
[PlyCount "79"]
[EventDate "2005.08.20"]

1.e4 e6 2.d4 d5 3.e5 c5 4.c3 Qb6 5.Nf3 Nc6 6.a3 Nh6 7.b4 cxd4 8.cxd4 Nf5 
9.Be3 f6 10.exf6 gxf6 11.Nc3 Bd7 12.Na4 Qd8 13.Be2 Bd6 14.O-O Qe7 15.Bd3 
Nxe3 16.fxe3 e5 17.Nc3 Be6 18.e4 Nxd4 19.Nxd4 exd4 20.Bb5+ Kd8 21.exd5 Bd7
22.Bxd7 dxc3 23.Be6 Be5 24.Qg4 h5 25.Qc4 Qc7 26.Qe4 Qb6+ 27.Kh1 Qd4 28.Qg6
Kc7 29.Rad1 Qe3 30.d6+ Kb6 31.Qf7 a6 32.b5 Qc5 33.bxa6 Kxa6 34.Bc4+ b5 35.
Bd5 Ra7 36.d7 c2 37.Rc1 Bb2 38.Rxf6+ Ka5 39.Rxc2 Qxc2 40.d8=Q+ 1-0

[Event "XIII C.to Italiano U20"]
[Site "Bratto - Castione della Presolana ITA"]
[Date "2005.08.27"]
[Round "8"]
[White "Ravagnati, Marco"]
[Black "Truzzi, Stefano"]
[Result "1-0"]
[WhiteElo "1658"]
[BlackElo "1518"]
[PlyCount "75"]
[EventDate "2005.08.20"]

1.e4 d6 2.d4 Nf6 3.Nc3 g6 4.f4 b6 5.Nf3 Bb7 6.Bd3 c5 7.d5 Bg7 8.Bb5+ Nfd7 
9.O-O a6 10.Be2 Bxc3 11.bxc3 Nf6 12.Qd3 Nbd7 13.c4 O-O 14.Bb2 Nh5 15.Qe3 
Bc8 16.e5 Nb8 17.h3 a5 18.g4 Ng7 19.Bd3 f5 20.g5 e6 21.exd6 Qxd6 22.Be5 
Qd7 23.d6 Bb7 24.Rad1 Ne8 25.Be2 Nc6 26.a3 Rd8 27.Qd3 Rf7 28.h4 Qc8 29.Qb3
Rfd7 30.Qxb6 Nxe5 31.fxe5 Be4 32.c3 a4 33.Nd2 Rb7 34.Qa6 Bc2 35.Rc1 Bb3 
36.Bf3 Rb8 37.Qxc8 Rdxc8 38.d7 1-0

[Event "XIII C.to Italiano U20"]
[Site "Bratto - Castione della Presolana ITA"]
[Date "2005.08.27"]
[Round "8"]
[White "Reginato, Mauro"]
[Black "Rostolis, Riccardo"]
[Result "1-0"]
[WhiteElo "1679"]
[BlackElo "1966"]
[PlyCount "49"]
[EventDate "2005.08.20"]

1.e4 d5 2.exd5 Nf6 3.Nc3 Nxd5 4.Nxd5 Qxd5 5.Nf3 Nc6 6.Be2 Bf5 7.d3 e5 8.
Be3 Bd6 9.O-O O-O-O 10.c4 Qe6 11.Qa4 Kb8 12.d4 exd4 13.Nxd4 Nxd4 14.Bxd4 
Bxh2+ 15.Kxh2 Rxd4 16.Bf3 Rh4+ 17.Kg1 Bg4 18.Rfe1 Qc8 19.c5 h5 20.g3 Rh3 
21.Bg2 h4 22.Bxh3 Bxh3 23.gxh4 Bg4 24.Rac1 Rxh4 25.Re8 1-0

[Event "XIII C.to Italiano U20"]
[Site "Bratto - Castione della Presolana ITA"]
[Date "2005.08.27"]
[Round "8"]
[White "Regorda, Massimiliano"]
[Black "Parodi, Alessandro"]
[Result "0-1"]
[WhiteElo "1802"]
[BlackElo "1923"]
[PlyCount "51"]
[EventDate "2005.08.20"]

1.e4 d6 2.d4 Nf6 3.Nc3 g6 4.Be3 c6 5.Qd2 b5 6.a3 Nbd7 7.f3 Nb6 8.b3 Bb7 9.
d5 a6 10.dxc6 Bxc6 11.Bd3 Qc7 12.Nge2 Bg7 13.O-O O-O 14.Bh6 e5 15.Bxg7 
Kxg7 16.Rfd1 Rfd8 17.f4 Rac8 18.f5 d5 19.exd5 Nbxd5 20.Qg5 Nxc3 21.Nxc3 
Qb6+ 22.Kh1 Bxg2+ 23.Qxg2 Rxc3 24.fxg6 hxg6 25.Re1 Qd6 26.Re3 0-1

[Event "XIII C.to Italiano U20"]
[Site "Bratto - Castione della Presolana ITA"]
[Date "2005.08.27"]
[Round "8"]
[White "Romano, Zeno"]
[Black "Andreoni, Giuseppe"]
[Result "1/2-1/2"]
[WhiteElo "1860"]
[BlackElo "1983"]
[PlyCount "55"]
[EventDate "2005.08.20"]

1.e4 c5 2.Nf3 Nc6 3.d4 cxd4 4.Nxd4 Nf6 5.Nc3 e5 6.Ndb5 d6 7.Bg5 a6 8.Na3 
b5 9.Nd5 Be7 10.Bxf6 Bxf6 11.c3 Be6 12.Nc2 Bg5 13.Nce3 Bxe3 14.Nxe3 O-O 
15.Bd3 Ne7 16.Qf3 g6 17.Qf6 Nc6 18.Qxd8 Rfxd8 19.Ke2 b4 20.cxb4 Nxb4 21.
Bc4 Bxc4+ 22.Nxc4 d5 23.exd5 Nxd5 24.Rhd1 Nf4+ 25.Kf3 f6 26.g3 Ne6 27.Ke4 
Ng5+ 28.Ke3 1/2-1/2

[Event "XIII C.to Italiano U20"]
[Site "Bratto - Castione della Presolana ITA"]
[Date "2005.08.27"]
[Round "8"]
[White "Salafia, Andrea"]
[Black "Tomassini, Ubaldo"]
[Result "0-1"]
[WhiteElo "1724"]
[BlackElo "1772"]
[PlyCount "68"]
[EventDate "2005.08.20"]

1.d4 Nf6 2.Nf3 g6 3.c4 Bg7 4.Nc3 d6 5.e4 O-O 6.Be2 e5 7.O-O exd4 8.Nxd4 
Nc6 9.Nxc6 bxc6 10.Bf3 Nd7 11.Be2 Nc5 12.f3 Ne6 13.Be3 c5 14.Qd2 Bb7 15.
Rfd1 Re8 16.Bf1 Qe7 17.Ne2 Rad8 18.Nf4 Nd4 19.Ne2 Nxe2+ 20.Bxe2 d5 21.cxd5
Bxd5 22.Bg5 Bd4+ 23.Be3 Bxe4 24.fxe4 Qxe4 25.Bxd4 Rxd4 26.Bd3 Qd5 27.Qc2 
c4 28.Be2 c5 29.Rxd4 Qxd4+ 30.Kf1 Qf4+ 31.Bf3 Qxh2 32.Qf2 Re5 33.Rd1 h5 
34.Rd5 Qh1+ 0-1

[Event "XIII C.to Italiano U20"]
[Site "Bratto - Castione della Presolana ITA"]
[Date "2005.08.27"]
[Round "8"]
[White "Stips, Felix"]
[Black "Corsino, Gianluca"]
[Result "1-0"]
[WhiteElo "1650"]
[BlackElo "2053"]
[PlyCount "79"]
[EventDate "2005.08.20"]

1.e4 c5 2.Nf3 d6 3.d4 cxd4 4.Nxd4 Nf6 5.Nc3 g6 6.Be3 Bg7 7.f3 Nc6 8.Bc4 
O-O 9.Qd2 Bd7 10.O-O-O Rc8 11.Bb3 Nxd4 12.Bxd4 b5 13.h4 h5 14.g4 hxg4 15.
h5 Nxh5 16.Bxg7 Kxg7 17.Rxh5 Rh8 18.Rxh8 Qxh8 19.Qf4 Qh6 20.Qxh6+ Kxh6 21.
fxg4 Bxg4 22.Rf1 f5 23.exf5 gxf5 24.Nxb5 a6 25.Nd4 Kg5 26.Be6 Rc5 27.Kd2 
Re5 28.b4 Kf6 29.Bc8 Rd5 30.Kc3 Re5 31.Bxa6 Re3+ 32.Bd3 e6 33.Kc4 Kg5 34.
b5 Re5 35.b6 Rc5+ 36.Kb4 Rc8 37.Nxe6+ Kf6 38.Nd4 Rb8 39.Kb5 Kg5 40.Nxf5 
1-0

[Event "XIII C.to Italiano U20"]
[Site "Bratto - Castione della Presolana ITA"]
[Date "2005.08.27"]
[Round "8"]
[White "Tomba, Ivan"]
[Black "Amato, Andrea"]
[Result "0-1"]
[WhiteElo "2232"]
[BlackElo "2286"]
[PlyCount "70"]
[EventDate "2005.08.20"]

1.e4 e6 2.d4 d5 3.e5 c5 4.c3 Nc6 5.Nf3 Bd7 6.a3 f6 7.Bd3 fxe5 8.dxe5 Qc7 
9.Qe2 Nh6 10.O-O Nf7 11.Re1 O-O-O 12.c4 dxc4 13.Bxc4 Be7 14.Nc3 g5 15.Nb5 
Qb6 16.Nd6+ Bxd6 17.exd6 g4 18.Ng5 Nd4 19.Qd3 Nxd6 20.Bf4 Rhf8 21.Bg3 Nxc4
22.Qxc4 Bb5 23.Qc3 Ne2+ 24.Rxe2 Bxe2 25.Ne4 Rf5 26.Re1 Bd3 27.Nf6 c4 28.
Nxg4 Qd4 29.Qxd4 Rxd4 30.Nh6 Rb5 31.Nf7 Kd7 32.Rc1 Ke7 33.Ne5 Rxb2 34.Nc6+
bxc6 35.Be5 c3 0-1

[Event "XIII C.to Italiano U20"]
[Site "Bratto - Castione della Presolana ITA"]
[Date "2005.08.27"]
[Round "8"]
[White "Valsecchi, Alessio"]
[Black "Napoli, Nicolo'"]
[Result "0-1"]
[WhiteElo "1945"]
[BlackElo "2225"]
[PlyCount "58"]
[EventDate "2005.08.20"]

1.e4 g6 2.d4 Bg7 3.Nc3 c6 4.Be3 d5 5.e5 f6 6.f4 Nh6 7.Nf3 Bg4 8.Be2 Nd7 9.
Qd2 Nf5 10.O-O Nxe3 11.Qxe3 Qb6 12.a3 Bxf3 13.Qxf3 fxe5 14.fxe5 Qxd4+ 15.
Kh1 Nxe5 16.Qh3 Nf7 17.Rad1 Qe5 18.Nxd5 cxd5 19.Bb5+ Kf8 20.Rde1 Qc7 21.
Rxf7+ Kxf7 22.Qe6+ Kf8 23.Rf1+ Bf6 24.Bd7 Kg7 25.Rxf6 exf6 26.Qe7+ Kh6 27.
Qe3+ g5 28.Qe6 Qe5 29.Qh3+ Kg7 0-1

[Event "XIII C.to Italiano U20"]
[Site "Bratto - Castione della Presolana ITA"]
[Date "2005.08.27"]
[Round "8"]
[White "Zermian, Federico"]
[Black "Navarro, Tommaso"]
[Result "1/2-1/2"]
[WhiteElo "1500"]
[BlackElo "1805"]
[PlyCount "35"]
[EventDate "2005.08.20"]

1.e4 e5 2.Nf3 Nc6 3.Bc4 Bc5 4.Nc3 Nf6 5.d3 h6 6.O-O d6 7.h3 O-O 8.Be3 Bb6 
9.Nd5 Nxd5 10.Bxd5 Be6 11.Bb3 Bxb3 12.axb3 f5 13.c3 fxe4 14.dxe4 Bxe3 15.
Qd5+ Kh7 16.fxe3 Qe7 17.Nh2 Qg5 18.Rfe1 1/2-1/2

[Event "XIII C.to Italiano U20"]
[Site "Bratto - Castione della Presolana ITA"]
[Date "2005.08.28"]
[Round "9"]
[White "Amato, Andrea"]
[Black "Pulito, Alberto"]
[Result "1/2-1/2"]
[WhiteElo "2286"]
[BlackElo "2212"]
[PlyCount "31"]
[EventDate "2005.08.20"]

1.e4 e6 2.d4 d5 3.e5 c5 4.c3 Nc6 5.Nf3 Qb6 6.a3 Nh6 7.b4 cxd4 8.cxd4 Nf5 
9.Bb2 Be7 10.Bd3 Bd7 11.Bxf5 exf5 12.Nc3 Be6 13.O-O O-O 14.Na4 Qb5 15.Nc3 
Qb6 16.Na4 1/2-1/2

[Event "XIII C.to Italiano U20"]
[Site "Bratto - Castione della Presolana ITA"]
[Date "2005.08.28"]
[Round "9"]
[White "Battistelli, Alessandro"]
[Black "Perico', Alessandro"]
[Result "0-1"]
[WhiteElo "1655"]
[BlackElo "1736"]
[PlyCount "36"]
[EventDate "2005.08.20"]

1.d4 Nf6 2.c4 d6 3.Nc3 g6 4.e4 Bg7 5.Nf3 O-O 6.Bg5 h6 7.Be3 Ne8 8.Qd2 g5 
9.Nxg5 hxg5 10.Bxg5 Nd7 11.h4 f6 12.Bh6 Kf7 13.c5 Rh8 14.Bc4+ Kf8 15.Be3 
e5 16.cxd6 Nxd6 17.Bb3 Qe8 18.h5 Rxh5 0-1

[Event "XIII C.to Italiano U20"]
[Site "Bratto - Castione della Presolana ITA"]
[Date "2005.08.28"]
[Round "9"]
[White "Borsato, Federico"]
[Black "Ghedin, Emanuele"]
[Result "1/2-1/2"]
[WhiteElo "1811"]
[BlackElo "1572"]
[PlyCount "30"]
[EventDate "2005.08.20"]

1.e4 c6 2.d4 d5 3.exd5 cxd5 4.Bd3 Nc6 5.c3 Nf6 6.Bg5 Bg4 7.Nf3 e6 8.Nbd2 
Be7 9.O-O h6 10.Bh4 g5 11.Bg3 h5 12.Qa4 h4 13.Be5 Bd6 14.Bxd6 Qxd6 15.Ne5 
Ke7 1/2-1/2